[Event "Interclubs C.Valenciana - D.Honor"]
[Site "Alfás del Pi ESP"]
[Date "2005.01.22"]
[Round "1.1"]
[White "Cabrera, Alexis"]
[Black "Kovacevic, Slobodan"]
[Result "1-0"]
[WhiteElo "2502"]
[BlackElo "2367"]
[PlyCount "87"]
[EventDate "2005.01.22"]
[EventType "team"]
[EventRounds "10"]
[EventCountry "ESP"]
[Source "lmi"]
[SourceDate "2005.01.25"]
[WhiteTeam "Burjassot VI"]
[BlackTeam "Alzira"]
[WhiteTeamCountry "ESP"]
[BlackTeamCountry "ESP"]

1. e4 c5 2. Nf3 e6 3. Nc3 a6 4. g3 d6 5. Bg2 Nc6 6. O-O Nf6 7. d4 cxd4 8. Nxd4
Bd7 9. a4 Be7 10. Be3 O-O 11. Nxc6 Bxc6 12. a5 Nd7 13. Na4 Qc7 14. Nb6 Rae8 15.
Nxd7 Qxd7 16. c4 f5 17. Qd3 fxe4 18. Bxe4 Bxe4 19. Qxe4 Rc8 20. Rfd1 Rc6 21.
Rd3 Bd8 22. Bd2 Qf7 23. f3 Qf5 24. b3 Qxe4 25. fxe4 b6 26. Bb4 bxa5 27. Rxd6
Bb6+ 28. Kh1 Rfc8 29. Rxc6 Rxc6 30. Bxa5 Bxa5 31. Rxa5 Rb6 32. Ra3 Kf7 33. Kg2
Ke7 34. e5 Kd7 35. c5 Rb5 36. Rxa6 Rxc5 37. Ra7+ Kc6 38. Rxg7 Rxe5 39. Rxh7 Rb5
40. g4 Rxb3 41. g5 Kd6 42. g6 Rb8 43. h4 Ke5 44. Rf7 1-0

[Event "Interclubs C.Valenciana - D.Honor"]
[Site "Alfás del Pi ESP"]
[Date "2005.01.22"]
[Round "1.2"]
[White "Garcia Fernandez, Carlos"]
[Black "Mullor Gomez, Luis"]
[Result "1-0"]
[WhiteElo "2360"]
[BlackElo "2331"]
[PlyCount "81"]
[EventDate "2005.01.22"]
[EventType "team"]
[EventRounds "10"]
[EventCountry "ESP"]
[Source "lmi"]
[SourceDate "2005.01.25"]
[WhiteTeam "Burjassot VI"]
[BlackTeam "Alzira"]
[WhiteTeamCountry "ESP"]
[BlackTeamCountry "ESP"]

1. e4 c5 2. Nf3 d6 3. Nc3 Nf6 4. e5 dxe5 5. Nxe5 Nbd7 6. Nc4 Nb6 7. b3 e6 8.
Bb2 Be7 9. Qf3 O-O 10. Bd3 Nxc4 11. bxc4 Bd7 12. O-O Bc6 13. Qh3 h6 14. Rae1
Qd4 15. Ba1 Qg4 16. Nd5 exd5 17. Qxg4 Nxg4 18. Rxe7 Rfe8 19. Rfe1 Rxe7 20. Rxe7
Kf8 21. Re1 d4 22. c3 dxc3 23. Bxc3 Rd8 24. Bc2 Nf6 25. f3 Ne8 26. d4 cxd4 27.
Rd1 d3 28. Bxd3 Rd7 29. Bb4+ Kg8 30. Kf2 Nc7 31. Ke3 Ne6 32. h4 g6 33. Rd2 Kg7
34. Be4 Rxd2 35. Bxd2 h5 36. g4 Kf6 37. Be1 g5 38. Bc3+ Ke7 39. gxh5 gxh4 40.
h6 Bxe4 41. Kxe4 1-0

[Event "Interclubs C.Valenciana - D.Honor"]
[Site "Alfás del Pi ESP"]
[Date "2005.01.22"]
[Round "1.3"]
[White "Toledano Llinares, Juan Antonio"]
[Black "Corona Gentil, Jose Luis"]
[Result "1-0"]
[WhiteElo "2336"]
[BlackElo "2143"]
[PlyCount "143"]
[EventDate "2005.01.22"]
[EventType "team"]
[EventRounds "10"]
[EventCountry "ESP"]
[Source "lmi"]
[SourceDate "2005.01.25"]
[WhiteTeam "Burjassot VI"]
[BlackTeam "Alzira"]
[WhiteTeamCountry "ESP"]
[BlackTeamCountry "ESP"]

1. e4 e5 2. d4 exd4 3. Bc4 d6 4. Nf3 Be7 5. Nxd4 Nf6 6. Nc3 O-O 7. Bb3 Na6 8.
O-O Nc5 9. Re1 Ng4 10. h3 Ne5 11. Bf4 c6 12. Qe2 Qc7 13. Rad1 b6 14. Qh5 Be6
15. Bg3 g6 16. Qe2 Bxb3 17. axb3 Ne6 18. f4 Nxd4 19. Rxd4 Nd7 20. Red1 Rae8 21.
Qc4 Qc8 22. Kh1 b5 23. Qf1 b4 24. Rxb4 d5 25. Ra4 Nc5 26. Rxa7 Nxe4 27. Nxe4
dxe4 28. Bf2 Qf5 29. Be3 h5 30. Rdd7 Bc5 31. Bxc5 Qxc5 32. Qc4 Qxc4 33. bxc4 e3
34. Ra1 Re4 35. b3 Rxf4 36. Re7 Rf2 37. Rxe3 Rxc2 38. Ra7 Rb2 39. Rf3 Re2 40.
Rf6 Re6 41. Rxe6 fxe6 42. Re7 Rb8 43. Rxe6 Kf7 44. Re3 Kf6 45. Kg1 c5 46. h4
Kf5 47. g3 Ra8 48. Kg2 Ra2+ 49. Kf3 Rb2 50. Rd3 Rb1 51. Rd5+ Kf6 52. Rxc5 Rxb3+
53. Kf4 Rb1 54. Rc6+ Kf7 55. Kg5 Rg1 56. Rc7+ Ke6 57. Kxg6 Rxg3+ 58. Kxh5 Kd6
59. Rf7 Ke5 60. c5 Ke6 61. Rh7 Rc3 62. Rc7 Rg3 63. Kh6 Kf6 64. h5 Rg8 65. Rc6+
Kf7 66. Rg6 Rh8+ 67. Kg5 Rd8 68. Rf6+ Kg7 69. h6+ Kh7 70. Rf7+ Kh8 71. c6 Rd5+
72. Kg6 1-0

[Event "Interclubs C.Valenciana - D.Honor"]
[Site "Alfás del Pi ESP"]
[Date "2005.01.22"]
[Round "1.4"]
[White "Marin Corresa, Arturo"]
[Black "Mezcua Coronil, Felix"]
[Result "1-0"]
[WhiteElo "2197"]
[BlackElo "2249"]
[PlyCount "81"]
[EventDate "2005.01.22"]
[EventType "team"]
[EventRounds "10"]
[EventCountry "ESP"]
[Source "lmi"]
[SourceDate "2005.01.25"]
[WhiteTeam "Burjassot VI"]
[BlackTeam "Alzira"]
[WhiteTeamCountry "ESP"]
[BlackTeamCountry "ESP"]

1. e4 g6 2. d4 Bg7 3. Nc3 d6 4. Be3 c6 5. a4 a5 6. h3 Nd7 7. Qd2 Ngf6 8. Nf3
O-O 9. Be2 e5 10. O-O Qe7 11. Rfe1 exd4 12. Bxd4 Ne5 13. Rad1 Nh5 14. Bb6 Nxf3+
15. Bxf3 Ra6 16. Be3 c5 17. Be2 Rc6 18. Bb5 Bxc3 19. Qxc3 Rc7 20. g4 Ng7 21.
Bf4 Rd8 22. Qg3 Ne8 23. Bxe8 Qxe8 24. Qc3 b6 25. Bh6 f6 26. Qxf6 Rf7 27. Qc3
Qxa4 28. Re3 Qc6 29. Rd5 Be6 30. Rd2 a4 31. Qe5 Qd7 32. Qg3 Qc6 33. Bf4 Rfd7
34. Qh4 Rf8 35. Bh6 Re8 36. Qg3 Bf7 37. Qf4 Be6 38. Qg5 Rf7 39. h4 Bc8 40. h5
Re5 41. Qxe5 1-0

[Event "Interclubs C.Valenciana - D.Honor"]
[Site "Alfás del Pi ESP"]
[Date "2005.01.22"]
[Round "1.6"]
[White "Roig Esteve, Ramon"]
[Black "Reig Albero, Ferran"]
[Result "1/2-1/2"]
[WhiteElo "2075"]
[BlackElo "2213"]
[PlyCount "56"]
[EventDate "2005.01.22"]
[EventType "team"]
[EventRounds "10"]
[EventCountry "ESP"]
[Source "lmi"]
[SourceDate "2005.01.25"]
[WhiteTeam "Burjassot VI"]
[BlackTeam "Alzira"]
[WhiteTeamCountry "ESP"]
[BlackTeamCountry "ESP"]

1. c4 Nf6 2. Nc3 e6 3. e4 c5 4. Nf3 Nc6 5. d4 cxd4 6. Nxd4 Bb4 7. Nxc6 bxc6 8.
Bd2 e5 9. Bd3 O-O 10. a3 Be7 11. O-O d6 12. b4 Be6 13. Rc1 a5 14. b5 d5 15.
exd5 cxd5 16. cxd5 Nxd5 17. Be4 Bxa3 18. Qf3 Bxc1 19. Rxc1 Nxc3 20. Bxc3 Rb8
21. Bc6 Qg5 22. Re1 a4 23. Bxe5 Qd2 24. Bc3 Qc2 25. Be4 Qb3 26. Bxh7+ Kxh7 27.
Qh5+ Kg8 28. Bxg7 Kxg7 1/2-1/2

[Event "Interclubs C.Valenciana - D.Honor"]
[Site "Alfás del Pi ESP"]
[Date "2005.01.22"]
[Round "1.1"]
[White "Frasquet Solbes, Elias"]
[Black "Torres Sanchez, Jose"]
[Result "1-0"]
[WhiteElo "2152"]
[BlackElo "2278"]
[PlyCount "59"]
[EventDate "2005.01.22"]
[EventType "team"]
[EventRounds "10"]
[EventCountry "ESP"]
[Source "lmi"]
[SourceDate "2005.01.25"]
[WhiteTeam "Fomento Gandia II"]
[BlackTeam "Valencia V"]
[WhiteTeamCountry "ESP"]
[BlackTeamCountry "ESP"]

1. Nf3 c5 2. c4 Nc6 3. b3 d6 4. Nc3 g6 5. Bb2 Bg7 6. g3 e5 7. Bg2 e4 8. Ng1 Nh6
9. Qc1 O-O 10. Bxe4 Re8 11. d3 Nd4 12. e3 Ng4 13. h3 Ne5 14. Kf1 Bh6 15. f4
Nxd3 16. Bxd3 Nf5 17. Bxf5 Bxf5 18. Nd5 Bg7 19. Bxg7 Kxg7 20. Qc3+ f6 21. Rh2
Be4 22. Rd2 Re6 23. Kf2 Qd7 24. Rad1 Rf8 25. g4 Kg8 26. Ne2 h5 27. Ng3 hxg4 28.
hxg4 Qh7 29. Nxe4 Rxe4 30. Kg3 1-0

[Event "Interclubs C.Valenciana - D.Honor"]
[Site "Alfás del Pi ESP"]
[Date "2005.01.22"]
[Round "1.2"]
[White "Bordes Ibanez, Juan"]
[Black "Valmana Canto, Jaime"]
[Result "1/2-1/2"]
[WhiteElo "2115"]
[BlackElo "2184"]
[PlyCount "64"]
[EventDate "2005.01.22"]
[EventType "team"]
[EventRounds "10"]
[EventCountry "ESP"]
[Source "lmi"]
[SourceDate "2005.01.25"]
[WhiteTeam "Fomento Gandia II"]
[BlackTeam "Valencia V"]
[WhiteTeamCountry "ESP"]
[BlackTeamCountry "ESP"]

1. e4 c5 2. Nc3 Nc6 3. Bb5 Nf6 4. Bxc6 dxc6 5. f4 Bg4 6. Nf3 c4 7. h3 Bxf3 8.
Qxf3 e6 9. O-O Bc5+ 10. Kh1 h5 11. e5 Ng4 12. Ne4 Qe7 13. b3 f6 14. Bb2 O-O-O
15. bxc4 f5 16. Nxc5 Qxc5 17. d3 g5 18. fxg5 Rdg8 19. Qf4 Rg6 20. Bd4 Qa5 21.
Kg1 c5 22. Bb2 Rhg8 23. hxg4 Rxg5 24. Rf2 Rxg4 25. Qh6 Qb6 26. Ba3 Qc6 27. Qd2
h4 28. Re1 h3 29. Ree2 f4 30. Re4 Rxg2+ 31. Kh1 Rg1+ 32. Kh2 R1g2+ 1/2-1/2

[Event "Interclubs C.Valenciana - D.Honor"]
[Site "Alfás del Pi ESP"]
[Date "2005.01.22"]
[Round "1.3"]
[White "Crecente Penalba, Jose Manuel"]
[Black "Bermejo Martinez, Jorge"]
[Result "1-0"]
[WhiteElo "2108"]
[BlackElo "2195"]
[PlyCount "55"]
[EventDate "2005.01.22"]
[EventType "team"]
[EventRounds "10"]
[EventCountry "ESP"]
[Source "lmi"]
[SourceDate "2005.01.25"]
[WhiteTeam "Fomento Gandia II"]
[BlackTeam "Valencia V"]
[WhiteTeamCountry "ESP"]
[BlackTeamCountry "ESP"]

1. d4 Nf6 2. Nf3 g6 3. g3 Bg7 4. Bg2 O-O 5. O-O d6 6. c4 Nbd7 7. Nc3 c6 8. b4
Qc7 9. Rb1 e5 10. Bb2 Nb6 11. c5 dxc5 12. dxe5 Ng4 13. bxc5 Nc4 14. Bc1 Ngxe5
15. Bf4 Qa5 16. Nxe5 Nxe5 17. Ne4 Qxa2 18. Nd6 Bg4 19. Re1 Qa3 20. Nxb7 Bf5 21.
Rb3 Qa2 22. Rb4 Rfc8 23. Nd6 Bc2 24. Qd2 Rc7 25. Be4 a5 26. Rb6 Bb3 27. Qc3 Bd5
28. Bxe5 1-0

[Event "Interclubs C.Valenciana - D.Honor"]
[Site "Alfás del Pi ESP"]
[Date "2005.01.22"]
[Round "1.4"]
[White "Minana Menor, Antonio"]
[Black "Salvador Lopez, Daniel"]
[Result "1-0"]
[WhiteElo "2089"]
[BlackElo "2127"]
[PlyCount "55"]
[EventDate "2005.01.22"]
[EventType "team"]
[EventRounds "10"]
[EventCountry "ESP"]
[Source "lmi"]
[SourceDate "2005.01.25"]
[WhiteTeam "Fomento Gandia II"]
[BlackTeam "Valencia V"]
[WhiteTeamCountry "ESP"]
[BlackTeamCountry "ESP"]

1. e4 c5 2. Nf3 d6 3. d4 cxd4 4. Nxd4 Nf6 5. Nc3 g6 6. Be2 Bg7 7. O-O O-O 8.
Be3 Nc6 9. f4 a6 10. a4 Qa5 11. Nb3 Qb4 12. e5 Nxe5 13. fxe5 Ng4 14. Bxg4 Bxg4
15. Nd5 Qe4 16. Nxe7+ Kh8 17. Qd4 Qxc2 18. Nd2 Be2 19. Rf2 Bxe5 20. Qh4 Qd3 21.
Ra3 Qc2 22. Rxe2 Rae8 23. Bg5 Rxe7 24. Bxe7 Qc1+ 25. Nf1 Kg8 26. Rxe5 dxe5 27.
Bf6 Qxb2 28. Qxh7+ 1-0

[Event "Interclubs C.Valenciana - D.Honor"]
[Site "Alfás del Pi ESP"]
[Date "2005.01.22"]
[Round "1.6"]
[White "Ferrer Berenguer, Ligorio"]
[Black "Andres Julia, Vicente Ramon"]
[Result "0-1"]
[WhiteElo "2124"]
[BlackElo "2065"]
[PlyCount "42"]
[EventDate "2005.01.22"]
[EventType "team"]
[EventRounds "10"]
[EventCountry "ESP"]
[Source "lmi"]
[SourceDate "2005.01.25"]
[WhiteTeam "Fomento Gandia II"]
[BlackTeam "Valencia V"]
[WhiteTeamCountry "ESP"]
[BlackTeamCountry "ESP"]

1. e4 e5 2. Nc3 Nf6 3. Bc4 Bb4 4. Qf3 O-O 5. d3 Nc6 6. Nge2 d5 7. exd5 Nd4 8.
Nxd4 exd4 9. a3 Re8+ 10. Kf1 Bg4 11. Qg3 Bd6 12. Qh4 dxc3 13. f3 Qe7 14. d4
cxb2 15. Bxb2 Bf5 16. Bb5 Nxd5 17. Qf2 c6 18. Ba4 b5 19. Bb3 Bf4 20. g4 Ne3+
21. Kg1 Nxg4 0-1

[Event "Interclubs C.Valenciana - D.Honor"]
[Site "Alfás del Pi ESP"]
[Date "2005.01.22"]
[Round "1.1"]
[White "Saldano, Horacio"]
[Black "Alvarez Ibarra, Rafael"]
[Result "1/2-1/2"]
[WhiteElo "2482"]
[BlackElo "2413"]
[PlyCount "52"]
[EventDate "2005.01.22"]
[EventType "team"]
[EventRounds "10"]
[EventCountry "ESP"]
[Source "lmi"]
[SourceDate "2005.01.25"]
[WhiteTeam "Enric Valor III"]
[BlackTeam "Ciudad de Manises IV"]
[WhiteTeamCountry "ESP"]
[BlackTeamCountry "ESP"]

1. e4 e5 2. Nf3 Nc6 3. Bb5 a6 4. Ba4 b5 5. Bb3 Na5 6. O-O d6 7. d4 f6 8. Bxg8
Rxg8 9. dxe5 dxe5 10. Qe2 Bd6 11. Bd2 Nc4 12. a4 Bd7 13. Nc3 Kf7 14. axb5 axb5
15. b3 Nxd2 16. Nxd2 c6 17. Qh5+ Ke7 18. Qxh7 Bb4 19. Rxa8 Qxa8 20. Ncb1 Be6
21. Nf3 Qa2 22. c3 Bc5 23. Nbd2 Qc2 24. h4 Qxc3 25. h5 Bf7 26. Qf5 Be6 1/2-1/2

[Event "Interclubs C.Valenciana - D.Honor"]
[Site "Alfás del Pi ESP"]
[Date "2005.01.22"]
[Round "1.2"]
[White "Castella Garcia, Fausto"]
[Black "Clement Gomez, Jose A"]
[Result "0-1"]
[WhiteElo "2414"]
[BlackElo "2327"]
[PlyCount "72"]
[EventDate "2005.01.22"]
[EventType "team"]
[EventRounds "10"]
[EventCountry "ESP"]
[Source "lmi"]
[SourceDate "2005.01.25"]
[WhiteTeam "Enric Valor III"]
[BlackTeam "Ciudad de Manises IV"]
[WhiteTeamCountry "ESP"]
[BlackTeamCountry "ESP"]

1. e4 c5 2. Nf3 d6 3. d4 cxd4 4. Nxd4 Nf6 5. Nc3 Nc6 6. Bg5 e6 7. Qd2 h6 8.
Bxf6 gxf6 9. O-O-O a6 10. f4 Bd7 11. Be2 h5 12. Kb1 Be7 13. Rhe1 Qb6 14. Nb3
Qf2 15. f5 O-O-O 16. Rf1 Qb6 17. Na4 Qa7 18. Na5 b5 19. Nxc6 Bxc6 20. Nc3 b4
21. Nd5 exd5 22. exd5 Bb7 23. Qxb4 Kb8 24. Rf3 a5 25. Qe4 Rd7 26. Rb3 Rc7 27.
Bb5 Rg8 28. h3 Kc8 29. a3 Qf2 30. g4 hxg4 31. hxg4 Bd8 32. Rd4 Rc5 33. Bc6 Ba6
34. Ra4 Rh8 35. g5 Qf1+ 36. Ka2 Rh1 0-1

[Event "Interclubs C.Valenciana - D.Honor"]
[Site "Alfás del Pi ESP"]
[Date "2005.01.22"]
[Round "1.3"]
[White "Dougan Maho, Harold"]
[Black "Camarena Gimenez, Rufino"]
[Result "1/2-1/2"]
[WhiteElo "2248"]
[BlackElo "2361"]
[PlyCount "61"]
[EventDate "2005.01.22"]
[EventType "team"]
[EventRounds "10"]
[EventCountry "ESP"]
[Source "lmi"]
[SourceDate "2005.01.25"]
[WhiteTeam "Enric Valor III"]
[BlackTeam "Ciudad de Manises IV"]
[WhiteTeamCountry "ESP"]
[BlackTeamCountry "ESP"]

1. e4 c6 2. d4 d5 3. e5 Bf5 4. c3 e6 5. Be3 Qb6 6. Qb3 Nd7 7. Nd2 Ne7 8. Be2
Bg6 9. f4 Nf5 10. Bf2 Be7 11. Ngf3 h5 12. g3 Qc7 13. O-O c5 14. c4 dxc4 15.
Qxc4 O-O 16. Rac1 Rfc8 17. b4 b5 18. Qxb5 Rab8 19. Qa5 Rxb4 20. Qxc7 Rxc7 21.
dxc5 Rb2 22. c6 Nb6 23. Ba6 Rxa2 24. Bb7 Nd5 25. Ra1 Rxa1 26. Rxa1 Nb4 27. Rc1
Nd3 28. Rc4 Nxf2 29. Kxf2 a5 30. Nd4 Nxd4 31. Rxd4 1/2-1/2

[Event "Interclubs C.Valenciana - D.Honor"]
[Site "Alfás del Pi ESP"]
[Date "2005.01.22"]
[Round "1.4"]
[White "Mancebo Ibanez, Fernando"]
[Black "Rosa Cintas, Raul"]
[Result "1-0"]
[WhiteElo "2245"]
[BlackElo "2137"]
[PlyCount "55"]
[EventDate "2005.01.22"]
[EventType "team"]
[EventRounds "10"]
[EventCountry "ESP"]
[Source "lmi"]
[SourceDate "2005.01.25"]
[WhiteTeam "Enric Valor III"]
[BlackTeam "Ciudad de Manises IV"]
[WhiteTeamCountry "ESP"]
[BlackTeamCountry "ESP"]

1. d4 d5 2. c4 dxc4 3. Nc3 Nf6 4. e4 e6 5. Bxc4 a6 6. e5 Nd5 7. Nge2 b5 8. Nxd5
exd5 9. Bd3 c5 10. O-O Nc6 11. h3 cxd4 12. f4 g6 13. Bd2 Qb6 14. Qe1 Be7 15.
Qg3 Be6 16. Kh1 h5 17. f5 gxf5 18. Rac1 Kd7 19. Bxf5 Rhg8 20. Qf3 Kd8 21. Rxc6
Qxc6 22. Ba5+ Ke8 23. Nxd4 Qc4 24. Bxe6 Qxf1+ 25. Qxf1 fxe6 26. Nxe6 Rc8 27.
Nc7+ Kd8 28. Qf7 1-0

[Event "Interclubs C.Valenciana - D.Honor"]
[Site "Alfás del Pi ESP"]
[Date "2005.01.22"]
[Round "1.5"]
[White "Torregrosa, Molina Jose"]
[Black "Buenafe Moya, Javier"]
[Result "0-1"]
[WhiteElo "2013"]
[BlackElo "2262"]
[PlyCount "116"]
[EventDate "2005.01.22"]
[EventType "team"]
[EventRounds "10"]
[EventCountry "ESP"]
[Source "lmi"]
[SourceDate "2005.01.25"]
[WhiteTeam "Enric Valor III"]
[BlackTeam "Ciudad de Manises IV"]
[WhiteTeamCountry "ESP"]
[BlackTeamCountry "ESP"]

1. b3 e5 2. Bb2 d6 3. e3 f5 4. Ne2 Nf6 5. f4 Nc6 6. fxe5 Nxe5 7. Ng3 g6 8. Na3
Bg7 9. Nc4 Nfg4 10. Be2 h5 11. Nxe5 Nxe5 12. d4 Ng4 13. Qd3 Qg5 14. Bxg4 Qxg4
15. Ne2 Qh4+ 16. g3 Qe4 17. Qxe4+ fxe4 18. Nf4 Bf5 19. h4 Kd7 20. Kd2 Rhf8 21.
Rac1 Rf7 22. c3 Raf8 23. Rc2 Bh6 24. Rcc1 Bg4 25. Rcg1 c6 26. Rh2 g5 27. hxg5
Bxg5 28. Rgg2 Rf5 29. c4 R8f7 30. Bc1 Bf3 31. Rf2 Rh7 32. Nxh5 Rhf7 33. Nf4 Bf6
34. Rh3 Rg5 35. Rhh2 Rfg7 36. Nh5 Bxh5 37. Rxh5 Rxg3 38. Rh7 Ke6 39. Rxg7 Rxg7
40. Ke2 Rg1 41. Kd2 Bg5 42. Kc2 b5 43. Bd2 Rg3 44. Re2 Kf5 45. cxb5 cxb5 46. a4
a6 47. axb5 axb5 48. Kc3 Kg4 49. Kb4 Kf3 50. Rh2 Bxe3 51. Bxe3 Kxe3 52. d5 Kd4
53. Kxb5 Kxd5 54. Rd2+ Rd3 55. Rb2 e3 56. Kb4 Rd2 57. Rb1 e2 58. Re1 Kd4 0-1

[Event "Interclubs C.Valenciana - D.Honor"]
[Site "Alfás del Pi ESP"]
[Date "2005.01.22"]
[Round "1.6"]
[White "Carrasco Sagredo, Manuel"]
[Black "Diez Machin, Vicente"]
[Result "1-0"]
[WhiteElo "2096"]
[BlackElo "2081"]
[PlyCount "99"]
[EventDate "2005.01.22"]
[EventType "team"]
[EventRounds "10"]
[EventCountry "ESP"]
[Source "lmi"]
[SourceDate "2005.01.25"]
[WhiteTeam "Enric Valor III"]
[BlackTeam "Ciudad de Manises IV"]
[WhiteTeamCountry "ESP"]
[BlackTeamCountry "ESP"]

1. e4 c5 2. Nf3 e6 3. d4 cxd4 4. Nxd4 Nc6 5. Nc3 Qc7 6. g3 a6 7. Bg2 Nf6 8. Nb3
d6 9. f4 b5 10. a3 Bb7 11. Be3 Be7 12. O-O O-O 13. g4 Nd7 14. g5 Nb6 15. f5 Nc4
16. Qe2 Nxe3 17. Qxe3 Ne5 18. f6 Bd8 19. Qh3 Re8 20. Qh5 a5 21. Kh1 b4 22. Nb5
Qd7 23. a4 Ra6 24. Rad1 Rc6 25. N3d4 Rb6 26. fxg7 Kxg7 27. Qh6+ Kg8 28. Rf4 Ng6
29. Rf6 d5 30. Rdf1 Rf8 31. R1f3 dxe4 32. Rh3 Re8 33. Qxh7+ Kf8 34. Rxg6 Rxb5
35. Qg7+ Ke7 36. Rxe6+ Qxe6 37. Nxe6 Rf5 38. Nd4 Rf2 39. Qe5+ Kd7 40. Qb5+ Kc8
41. Qxe8 Rd2 42. Qb5 Rd1+ 43. Bf1 Be7 44. Rh8+ Kc7 45. Qxa5+ Kd7 46. Qf5+ Kc7
47. Nb5+ Kb6 48. a5+ Ka6 49. Nc3+ Ka7 50. Nxd1 1-0

[Event "Interclubs C.Valenciana - D.Honor"]
[Site "Alfás del Pi ESP"]
[Date "2005.01.22"]
[Round "2.1"]
[White "Kovacevic, Slobodan"]
[Black "Alvarez Ibarra, Rafael"]
[Result "1/2-1/2"]
[WhiteElo "2367"]
[BlackElo "2413"]
[PlyCount "32"]
[EventDate "2005.01.22"]
[EventType "team"]
[EventRounds "10"]
[EventCountry "ESP"]
[Source "lmi"]
[SourceDate "2005.01.25"]
[WhiteTeam "Burjassot VI"]
[BlackTeam "Ciudad de Manises IV"]
[WhiteTeamCountry "ESP"]
[BlackTeamCountry "ESP"]

1. d4 e6 2. Nf3 c5 3. e3 Nf6 4. Bd3 b6 5. O-O Bb7 6. Nbd2 Nc6 7. c3 Be7 8. Qe2
O-O 9. e4 cxd4 10. Nxd4 d6 11. N2f3 Nd7 12. Nxc6 Bxc6 13. Rd1 Bb7 14. Bf4 Qc7
15. Rd2 a6 16. Rad1 e5 1/2-1/2

[Event "Interclubs C.Valenciana - D.Honor"]
[Site "Alfás del Pi ESP"]
[Date "2005.01.22"]
[Round "2.2"]
[White "Castella Garcia, Fausto"]
[Black "Garcia Fernandez, Carlos"]
[Result "1/2-1/2"]
[WhiteElo "2414"]
[BlackElo "2360"]
[PlyCount "97"]
[EventDate "2005.01.22"]
[EventType "team"]
[EventRounds "10"]
[EventCountry "ESP"]
[Source "lmi"]
[SourceDate "2005.01.25"]
[WhiteTeam "Burjassot VI"]
[BlackTeam "Ciudad de Manises IV"]
[WhiteTeamCountry "ESP"]
[BlackTeamCountry "ESP"]

1. e4 e5 2. Nf3 Nc6 3. Bc4 Nf6 4. d3 h6 5. O-O d6 6. c3 g6 7. Nbd2 Bg7 8. Bb3
O-O 9. Nc4 Be6 10. Re1 a6 11. h3 Re8 12. Ne3 Kh7 13. Nd5 Bxd5 14. exd5 Na5 15.
c4 Nxb3 16. Qxb3 Rb8 17. Be3 c5 18. Qa3 e4 19. Nd2 exd3 20. Qxd3 Nd7 21. Qc2 b5
22. Rab1 bxc4 23. Nxc4 Ne5 24. b3 Nxc4 25. bxc4 Qd7 26. Rxb8 Rxb8 27. Rb1 Rxb1+
28. Qxb1 Be5 29. Qc2 h5 30. Bd2 Qe8 31. Kf1 Qe7 32. Qe4 Qf6 33. Be3 Kg8 34. Kg1
Kg7 35. g3 Kg8 36. Kg2 Kg7 37. h4 Kh7 38. Bg5 Qg7 39. Bf4 Bxf4 40. Qxf4 Qf8 41.
Qf6 Kg8 42. f4 Qe8 43. Qxd6 Qe2+ 44. Kh3 Qf1+ 45. Kh2 Qf2+ 46. Kh3 Kh7 47. Qe7
Qf1+ 48. Kh2 Qf2+ 49. Kh3 1/2-1/2

[Event "Interclubs C.Valenciana - D.Honor"]
[Site "Alfás del Pi ESP"]
[Date "2005.01.22"]
[Round "2.3"]
[White "Galvan, Jesus"]
[Black "Camarena Gimenez, Rufino"]
[Result "0-1"]
[WhiteElo "2218"]
[BlackElo "2361"]
[PlyCount "94"]
[EventDate "2005.01.22"]
[EventType "team"]
[EventRounds "10"]
[EventCountry "ESP"]
[Source "lmi"]
[SourceDate "2005.01.25"]
[WhiteTeam "Burjassot VI"]
[BlackTeam "Ciudad de Manises IV"]
[WhiteTeamCountry "ESP"]
[BlackTeamCountry "ESP"]

1. d4 d5 2. c4 c6 3. Nc3 Nf6 4. Nf3 dxc4 5. a4 Bf5 6. e3 e6 7. Bxc4 Bb4 8. O-O
Nbd7 9. Qe2 Bg4 10. Rd1 Qa5 11. e4 Qh5 12. e5 Bxf3 13. gxf3 Nd5 14. Ne4 O-O 15.
Kh1 f6 16. Ng3 Qh3 17. Qe4 f5 18. Qe2 a6 19. a5 c5 20. f4 Rad8 21. Qf3 Nb8 22.
Bd2 Nc6 23. Bxb4 cxb4 24. Rd3 Rd7 25. Rc1 Rc8 26. Bb3 Rcd8 27. Rc5 h5 28. Qxh5
Qxh5 29. Nxh5 Kf7 30. Rg3 Rg8 31. Bxd5 Rxd5 32. Rxd5 exd5 33. Rb3 Nxa5 34. Re3
Nc4 35. Re2 b3 36. Ng3 Ke6 37. Nf1 a5 38. Nd2 Nxd2 39. Rxd2 Rc8 40. Rd1 a4 41.
Kg2 Rc2 42. Ra1 b5 43. Rb1 Rc4 44. Rd1 b4 45. Ra1 a3 46. Kf3 Rc3+ 47. bxc3 b2
0-1

[Event "Interclubs C.Valenciana - D.Honor"]
[Site "Alfás del Pi ESP"]
[Date "2005.01.22"]
[Round "2.4"]
[White "Mancebo Ibanez, Fernando"]
[Black "Corona Gentil, Jose Luis"]
[Result "1/2-1/2"]
[WhiteElo "2245"]
[BlackElo "2143"]
[PlyCount "26"]
[EventDate "2005.01.22"]
[EventType "team"]
[EventRounds "10"]
[EventCountry "ESP"]
[Source "lmi"]
[SourceDate "2005.01.25"]
[WhiteTeam "Burjassot VI"]
[BlackTeam "Ciudad de Manises IV"]
[WhiteTeamCountry "ESP"]
[BlackTeamCountry "ESP"]

1. d4 d5 2. c4 dxc4 3. Nc3 Nf6 4. e4 e6 5. Bxc4 a6 6. e5 Nd5 7. Nf3 Be7 8. O-O
b5 9. Bd3 Bb7 10. a4 b4 11. Ne4 Nd7 12. a5 h6 13. Bc2 c5 1/2-1/2

[Event "Interclubs C.Valenciana - D.Honor"]
[Site "Alfás del Pi ESP"]
[Date "2005.01.22"]
[Round "2.5"]
[White "Marin Corresa, Arturo"]
[Black "Buenafe Moya, Javier"]
[Result "1-0"]
[WhiteElo "2197"]
[BlackElo "2262"]
[PlyCount "67"]
[EventDate "2005.01.22"]
[EventType "team"]
[EventRounds "10"]
[EventCountry "ESP"]
[Source "lmi"]
[SourceDate "2005.01.25"]
[WhiteTeam "Burjassot VI"]
[BlackTeam "Ciudad de Manises IV"]
[WhiteTeamCountry "ESP"]
[BlackTeamCountry "ESP"]

1. e4 c5 2. Nc3 e6 3. g3 d5 4. Bg2 Nf6 5. e5 Nfd7 6. f4 Nc6 7. Nf3 g6 8. O-O
Bg7 9. h3 a6 10. a4 Rb8 11. Kh2 b5 12. axb5 axb5 13. d3 O-O 14. Ne2 b4 15. Be3
h6 16. Qc1 Bb7 17. d4 Qe7 18. Qe1 Ra8 19. Qf2 cxd4 20. Nexd4 Nxd4 21. Nxd4 Rfc8
22. Rfd1 f6 23. exf6 Qxf6 24. Qd2 Qe7 25. Re1 Qd6 26. Nb5 Qc6 27. Na7 Qxc2 28.
Nxc8 Rxc8 29. Ra7 d4 30. Rxb7 dxe3 31. Qxe3 Nf8 32. Rxb4 Bxb2 33. Re2 Qc3 34.
Rbxb2 1-0